000 00906cam a2200289 a 4500
001 2825768
003 OSt
005 20160603133214.0
008 841023s1984 vau b 000 0 eng
010 _a 83073347
020 _a0871201240
040 _aDLC
_cDLC
_dDLC
043 _an-us---
050 0 0 _aLB 2806.4
_b.G548 1984
082 0 0 _aGLT 371.2030973
_bG46 1984
100 1 _aGlatthorn, Allan A.,
_d1924-
_922652
245 1 0 _aDifferentiated supervision /
_cAllan A. Glatthorn.
260 _aAlexandria, Va. :
_bAssociation for Supervision and Curriculum Development,
_cc1984.
300 _avii, 100 p. ;
_c23 cm.
504 _aBibliography: p. 97-100.
562 _e1
650 0 _aSchool supervision
_zUnited States.
_922653
650 0 _aTeachers
_xIn-service training
_zUnited States.
_922654
906 _a7
_bcbc
_corignew
_d3
_eopcn
_f19
_gy-gencatlg
942 _2lcc
_cBK
999 _c12599
_d12599